| 000 | 00374nam a2200145Ia 4500 | ||
|---|---|---|---|
| 008 | 240624s9999 xx 000 0 und d | ||
| 041 | _aeng | ||
| 082 | _a343.0999 FER | ||
| 100 | _aFERRERA GERALD R | ||
| 245 | _aCYBER LAW TEXT AND CASES | ||
| 250 | _a(3rd ed.) | ||
| 260 |
_c2012 _aNew Delhi _bCengage Learning |
||
| 300 | _axxxv, : 568 : p. : cm. ; 26 | ||
| 365 |
_cRS _b31 |
||
| 999 |
_c25090 _d25090 |
||